Statistics for Languages of China

Click here to take the quiz!

General Stats

  • This quiz has been taken 181 times
  • The average score is 8 of 14

Answer Stats

Distribution Language Classification Answer % Correct
62%Sino-TibetanMandarin
98%
5%Sino-TibetanCantonese
97%
6%Sino-TibetanWu
86%
<1%Sino-TibetanTibetan
68%
6%Sino-TibetanMin
60%
<1%TurkicUyghur
57%
<1%MongolicMongolian
53%
3%Sino-TibetanHakka
48%
5%Sino-TibetanJin
43%
3%Sino-TibetanXiang
40%
4%Sino-TibetanGan
36%
<1%Miao-YaoMiao
31%
1%Tai-KadaiZhuang
28%
<1%Sino-TibetanYi
12%

Score Distribution

Percentile by Number Answered

Percent of People with Each Score

Your Score History

You have not taken this quiz